000
00285nam a2200121 a 4500
005
20140513081050.0
008
020606s19uu xx 00 eng d
050
_a
P 784.19
_b
MUS
245
_a
Musical instruments.
650
_a
Instruments--Poster
650
_a
Chart
999
_c
116269
_d
116269